000 00376nam a2200133Ia 4500
008 100328s9999 xx 000 0 und d
082 _b3942
100 _aआनंद मुल्कराज
245 _aअस्पृश्य
260 _bलोकसाहित्य
630 _aअस्पृश्य
730 _aअस्पृश्य
942 _cBOOK
999 _c500047
_d500044